[Event "FIDE Women's World Teams"]
[Site "Mardin TUR"]
[Date "2011.12.19"]
[Round "2"]
[White "Kaplan,E"]
[Black "Soumya,Sw"]
[Result "0-1"]
[WhiteElo "1849"]
[BlackElo "2302"]

1.e4 c5 2.Nf3 d6 3.Bb5+ Nc6 4.d4 cxd4 5.Qxd4 Bd7 6.Bxc6 Bxc6 7.c4 Nf6 8.Nc3 g6
9.O-O Bg7 10.Qd3 O-O 11.Rb1 a6 12.b4 b6 13.Bb2 Nd7 14.Nd5 Bxb2 15.Rxb2 b5
16.Nd4 Ne5 17.Qh3 bxc4 18.Nxc6 Nxc6 19.Ne3 c3 20.Rb3 Nd4 21.Ra3 Rc8 22.Qh6 f6
23.f4 c2 24.Nf5 Nxf5 25.exf5 Qb6+ 26.Kh1 c1=Q 27.Rf3 Rf7 28.h4 Rg7 29.Kh2 gxf5  0-1

[Event "FIDE Women's World Teams"]
[Site "Mardin TUR"]
[Date "2011.12.24"]
[Round "6"]
[White "Hou Yifan"]
[Black "Dembo,Y"]
[Result "1-0"]
[WhiteElo "2578"]
[BlackElo "2468"]

1.e4 c5 2.Nf3 d6 3.Bb5+ Nc6 4.O-O Bd7 5.Re1 Nf6 6.c3 a6 7.Bxc6 Bxc6 8.d4 cxd4
9.cxd4 Bxe4 10.Nc3 Bxf3 11.Qxf3 e6 12.Qxb7 Qc8 13.Qf3 Be7 14.d5 e5 15.Bg5 Qd7
16.Bxf6 Bxf6 17.Ne4 Be7 18.Rac1 O-O 19.Rc6 f5 20.Nd2 e4 21.Qe2 Qa7 22.Nc4 Qd4
23.Qd2 Qf6 24.Qc3 Qf7 25.Rc7 Rad8 26.Na5 Qe8 27.Nc6 Rd7 28.Rxd7 Qxd7 29.Qa3 Bf6
30.Qxa6 Bxb2 31.a4 Bc3 32.Rb1 Qf7 33.Qc4 Bf6 34.a5 Qg6 35.a6 f4 36.a7 f3
37.g3 e3 38.Rb8 Bd8 39.a8=Q e2 40.Qa1  1-0

[Event "28th Geneva Open A"]
[Site "Geneva SUI"]
[Date "2011.12.27"]
[Round "3"]
[White "Guliyev,N"]
[Black "Gerber,R"]
[Result "1-0"]
[WhiteElo "2549"]
[BlackElo "2400"]

1.e4 c5 2.Nf3 d6 3.Bb5+ Bd7 4.Bxd7+ Nxd7 5.O-O Ngf6 6.Qe2 e6 7.c3 Be7 8.d4 cxd4
9.cxd4 d5 10.e5 Ne4 11.Ne1 Qb6 12.Be3 f5 13.f3 Ng5 14.Nd3 O-O 15.Nc3 Rac8
16.Rac1 Qa6 17.Rc2 Rc6 18.Rfc1 Rfc8 19.Qd2 Nf7 20.b4 Rc4 21.Nb2 Bxb4 22.Nxc4 Rxc4
23.Qd3 Qa3 24.Kf1 Nb6 25.Ke2 Bxc3 26.Rxc3 Qxa2+ 27.R3c2 Qa4 28.g4 fxg4 29.fxg4 Nd8
30.Kf2 Qe8 31.Kg3 Nc6 32.Rf2 Nb4 33.Qb1 a5 34.Rcf1 Rc3 35.Qe1 Rd3 36.Kh4 h6
37.Rf8+ Qxf8 38.Rxf8+ Kxf8 39.Bd2 Rb3 40.Qf1+ Kg8 41.Qb5 Nc4 42.Bxh6 Rf3
43.Qe8+ Kh7 44.g5 gxh6 45.Qe7+ Kg6 46.Qxe6+ Kh7 47.Qxh6+ Kg8 48.g6  1-0

[Event "1st St Leon-Rot Open"]
[Site "Sankt Leon-Rot GER"]
[Date "2011.12.27"]
[Round "2"]
[White "Strieck,C"]
[Black "Holzwarth,Patrick"]
[Result "1/2-1/2"]
[WhiteElo "1839"]
[BlackElo "2042"]

1.e4 c5 2.Nf3 d6 3.Bb5+ Nd7 4.d4 cxd4 5.Nxd4 a6 6.Ba4 Nf6 7.Nc3 e6 8.O-O Be7
9.Be3 O-O 10.Qf3 Qc7 11.Bb3 Nc5 12.Rac1 Re8 13.Rfe1 b5 14.a3 Bb7 15.Bg5 Rad8
16.Ba2 Nfd7 17.Bxe7 Rxe7 18.Qg3 Ne5 19.Re3 Qb6 20.b4 Ncd7 21.Nce2 Ng6 22.c4 Rc8
23.Rec3 bxc4 24.Rxc4 Rxc4 25.Rxc4 Nde5 26.Rc3 Bxe4 27.Rc8+ Nf8 28.Qh4 Qb7
29.f3 Bd3 30.Rc3 Nfg6 31.Qg5 Bxe2 32.Nxe2 Rd7 33.Qc1 Ne7 34.Kh1 d5 35.Bb1 g6
36.Rc5 Nc4 37.Bd3 Ne5 38.Qc3 Nxd3 39.Qxd3 Nf5 40.Nc1 Nd6 41.Nb3 Nc4 42.Qc3 e5
43.Na5 Qb6 44.Nxc4 dxc4 45.h3  1/2-1/2

[Event "Czech Chess Christmas 2011"]
[Site "Litomysl CZE"]
[Date "2011.12.28"]
[Round "4.8"]
[White "Krupa,M"]
[Black "Navratil,Ji3"]
[Result "1-0"]
[WhiteElo "2235"]
[BlackElo "2074"]

1.e4 c5 2.Nf3 d6 3.Bb5+ Bd7 4.Bxd7+ Qxd7 5.O-O g6 6.c3 Bg7 7.d4 Nf6 8.Re1 O-O
9.e5 Nd5 10.dxc5 dxc5 11.a4 Nc6 12.Na3 Rad8 13.Qe2 Qe6 14.Qc4 b6 15.Qh4 Qf5
16.Bh6 f6 17.Bxg7 Kxg7 18.Nc4 Qf4 19.exf6+ exf6 20.Qxf4 Nxf4 21.g3 Nd5 22.Re6 Nde7
23.Rae1 Rd7 24.b4 cxb4 25.cxb4 Kh6 26.b5 Nd4 27.Nxd4 Rxd4 28.Rxe7 Rxc4 29.Rxa7 Rd8
30.Re6 Rdd4 31.Rxb6 Rxa4 32.Rxa4 Rxa4 33.Rxf6 Rb4 34.b6 Kg5 35.Rf7 Rxb6 36.Rxh7 Rb3
37.Rf7 Ra3 38.Kg2 Rb3 39.h4+ Kh6 40.g4 Ra3 41.f3  1-0

[Event "1st St Leon-Rot Open"]
[Site "Sankt Leon-Rot GER"]
[Date "2011.12.28"]
[Round "3"]
[White "Fuchs,Benno"]
[Black "Wuest,H"]
[Result "0-1"]
[WhiteElo "1836"]
[BlackElo "2120"]

1.e4 c5 2.Nf3 d6 3.Bb5+ Bd7 4.Bxd7+ Qxd7 5.O-O Nc6 6.c3 Nf6 7.Re1 e6 8.d4 cxd4
9.Nxd4 Be7 10.Na3 O-O 11.Nac2 Rfd8 12.Bg5 a6 13.Nxc6 bxc6 14.Qf3 Rab8 15.b3 d5
16.e5 Ne4 17.Bf4 Rb7 18.b4 c5 19.a3 a5 20.Rad1 Qa4 21.Qd3 g5 22.Be3 c4 23.Qe2 Nxc3
24.Qd2 Ne4 25.Qc1 axb4 26.f3 b3 27.fxe4 bxc2 28.Rd2 Rb1  0-1

[Event "Cracovia Open A"]
[Site "Krakow POL"]
[Date "2011.12.29"]
[Round "3.8"]
[White "Klepaczka,T"]
[Black "Sieciechowicz,M"]
[Result "0-1"]
[WhiteElo "2166"]
[BlackElo "2441"]

1.e4 c5 2.Nf3 d6 3.Bb5+ Bd7 4.Bxd7+ Qxd7 5.O-O Nf6 6.Re1 Nc6 7.c3 e6 8.d4 cxd4
9.cxd4 d5 10.e5 Ne4 11.Ng5 Nxg5 12.Bxg5 Be7 13.Bxe7 Qxe7 14.Re2 O-O 15.Nc3 f6
16.Qd2 fxe5 17.dxe5 Rf5 18.Rae1 Qc5 19.Na4 Qb5 20.b3 Raf8 21.Qc3 b6 22.Nb2 Nb4
23.a3 Na6 24.Nd3 Nc5 25.Nxc5 bxc5 26.Rc2 Rc8 27.g3 Rf7 28.Rec1 Rfc7 29.b4 cxb4
30.Qxc7 Rxc7 31.Rxc7 b3 32.Rxa7 h5 33.a4 Qb6 34.Rcc7 b2 35.Rxg7+ Kf8 36.Rgf7+ Ke8  0-1

[Event "XXII Cajacanarias Christmas"]
[Site "Santa Cruz de Tenerife ESP"]
[Date "2011.12.29"]
[Round "9"]
[White "Fernandez Garcia,JoseL1"]
[Black "Hidalgo Santana,F"]
[Result "1/2-1/2"]
[WhiteElo "2434"]
[BlackElo "2150"]

1.e4 c5 2.Nf3 d6 3.Bb5+ Bd7 4.Bxd7+ Qxd7 5.O-O Nf6 6.Re1 e6 7.d4 cxd4 8.Nxd4 Be7
9.c4 O-O 10.Nc3 Nc6 11.Nde2 Rad8 12.Bg5 h6 13.Bxf6 Bxf6 14.Rc1 Qc7 15.b3 a6
16.Nd5 exd5 17.cxd5 Qb6 18.dxc6 bxc6 19.Qc2 Rc8 20.Rcd1 Rfd8 21.Nf4 Qa5 22.g3 Be5
23.Ng2 d5 24.exd5 cxd5 25.Qf5 Bc3 26.Re7 Bf6 27.Re2 Qb5 28.Nf4 d4 29.Qxb5 axb5
30.Red2 Rc7 31.Kg2 g6 32.Ne2 Ra8 33.h4 Kg7 34.Kf3 d3 35.Nc1 Rc2 36.Ke3 Bc3
37.Rxd3 Re8+ 38.Kf3 Bb2 39.Rd5 Bxc1 40.Rxb5 Ree2 41.Rxc1 Rxf2+ 42.Ke3 Rfe2+
43.Kf3  1/2-1/2

[Event "48th Groningen Open A"]
[Site "Groningen NED"]
[Date "2011.12.30"]
[Round "9.9"]
[White "Michalik,P"]
[Black "Nuri,Kam"]
[Result "1-0"]
[WhiteElo "2509"]
[BlackElo "2256"]

1.e4 c5 2.Nf3 d6 3.Bb5+ Bd7 4.Bxd7+ Qxd7 5.c4 Nf6 6.Nc3 g6 7.O-O Bg7 8.d4 cxd4
9.Nxd4 O-O 10.h3 Rc8 11.b3 d5 12.exd5 Nxd5 13.Nxd5 e6 14.Nc3 Qxd4 15.Qxd4 Bxd4
16.Bd2 a6 17.Rac1 Nc6 18.Rfd1 Rd8 19.Ne4 f6 20.b4 a5 21.b5 Nb4 22.Bxb4 axb4
23.c5 Rac8 24.Rc4 f5 25.Rdxd4 Rxd4 26.Rxd4 fxe4 27.Rd7 Rxc5 28.Rxb7 b3 29.axb3 Rc3
30.b4 Rb3 31.Kf1 Rxb4 32.Ke2 e5 33.b6 Rb2+ 34.Ke3 Kh8 35.Kxe4  1-0

[Event "Hastings Masters 2011-12"]
[Site "Hastings ENG"]
[Date "2011.12.30"]
[Round "3.19"]
[White "Saranya,J"]
[Black "Padmini,R"]
[Result "0-1"]
[WhiteElo "2069"]
[BlackElo "2392"]

1.e4 c5 2.Nf3 d6 3.Bb5+ Nc6 4.O-O Bd7 5.c3 Nf6 6.Re1 a6 7.Bf1 Bg4 8.d3 e6
9.Nbd2 Be7 10.h3 Bh5 11.g4 Bg6 12.Nh4 Nd7 13.Ng2 h5 14.f4 hxg4 15.hxg4 Qc7
16.Nf3 Nf6 17.Ng5 d5 18.e5 Nd7 19.Nf3 O-O-O 20.b4 cxb4 21.cxb4 Bxb4 22.Re2 Rh3
23.Rc2 Rdh8 24.Be3 Ba5 25.Rac1 Bb6 26.Rb2 d4 27.Bxd4 Rxf3 28.Bxb6 Rxf1+ 29.Qxf1 Nxb6
30.Qf3 Nd5 31.Ne3 Nxe3 32.Qxe3 Kb8 33.Qc5 Ka8 34.Rcb1 Bxd3 35.Rxb7 Qxb7 36.Rxb7 Kxb7
37.f5 Rd8 38.a4 a5 39.Qc3 Rd5 40.Qa3 Nb4 41.Qc3 g6 42.fxe6 fxe6 43.Kf2 Bc2
44.Kg2 Bxa4 45.Qe3 Bc6 46.Kh2 Nd3 47.Qg5 Nxe5 48.Qe7+ Bd7 49.Kg3 Nc6  0-1

[Event "Hastings Masters 2011-12"]
[Site "Hastings ENG"]
[Date "2011.12.30"]
[Round "3.34"]
[White "Olson,Hamish"]
[Black "Britton,R"]
[Result "1/2-1/2"]
[WhiteElo "1965"]
[BlackElo "2219"]

1.e4 c5 2.Nf3 d6 3.Bb5+ Bd7 4.Bxd7+ Qxd7 5.O-O Nf6 6.Qe2 Nc6 7.Rd1 e6 8.d4 cxd4
9.Nxd4 Be7 10.c4 a6 11.Nc3 Rc8 12.b3 O-O 13.Bb2 Qc7 14.Rac1 Rfe8 15.Nc2 Qa5
16.Ne3 Red8 17.Qc2 Qh5 18.Qb1 Ne5 19.Nf1 Qg6 20.Ng3 h5 21.h3 h4 22.Nf1 Nh5
23.Ne2 Bg5 24.Bxe5 dxe5 25.Rxd8+ Rxd8 26.Rc3 Kh7 27.Nh2 Bd2 28.Rf3 Nf6 29.Ng4 Nxg4
30.hxg4 Qxg4 31.Qc2 Bb4 32.Nc3 f6 33.Nb1 Rd4 34.a3 Be7 35.Kf1 g6 36.Nd2 f5
37.b4 Bg5 38.Nb3 Rxe4 39.Rc3 Qf4 40.Nc5 Rd4 41.Nxe6 Qg4 42.Nxd4 Qxd4 43.Qd3 Qf4
44.Qe3 Qg4 45.Qf3 Qd4 46.Qd3 Qg4 47.Qf3 Qd4  1/2-1/2

[Event "Hastings Masters 2011-12"]
[Site "Hastings ENG"]
[Date "2011.12.30"]
[Round "3.24"]
[White "Green,An"]
[Black "Griffiths,R"]
[Result "0-1"]
[WhiteElo "2145"]
[BlackElo "2310"]

1.e4 c5 2.Nf3 d6 3.Bb5+ Nd7 4.d4 cxd4 5.Qxd4 a6 6.Bxd7+ Bxd7 7.c4 Rc8 8.O-O Qc7
9.b3 b5 10.Na3 e5 11.Qd3 Qb7 12.Re1 h6 13.cxb5 axb5 14.Bd2 Nf6 15.Bb4 Bc6
16.Nd2 Be7 17.Nc2 O-O 18.f3 Rfd8 19.Ne3 Bf8 20.Qe2 g6 21.Rad1 Bg7 22.Nb1 d5
23.exd5 Bxd5 24.Nc3 Bc6 25.Rxd8+ Rxd8 26.Rd1 Rxd1+ 27.Qxd1 Qb6 28.Qe2 e4
29.fxe4 Qd4 30.a3 Nxe4 31.Nxe4 Qxe4 32.Bc5 Be5 33.Qg4 Bf4 34.Qf3 Qb1+ 35.Qf1 Qe4
36.Ng4 Bg5 37.Nf2 Qd5 38.b4 h5 39.Nd1 Qa2 40.Nc3 Qxa3 41.h4 Qxc3 42.hxg5 Qg3
43.Qf2 Qxg5 44.Be3 Qg4 45.Qd2 Kh7 46.Qf2 Qd1+ 47.Kh2 Qd5 48.Qg3 f6 49.Qc7+ Bd7
50.Qf4 Qe5 51.Qxe5 fxe5 52.Bg5 Kg7 53.Kg3 Bc6 54.Kf2 Kf7 55.g3 Ke6 56.Ke3 Kf5
57.Bd8 Kg4 58.Kf2 e4 59.Bb6 g5 60.Bc7 Kh3 61.Bd6 Bd5 62.Bc7 e3+ 63.Kxe3 Kg2
64.Bd8 Kxg3 65.Bxg5 h4  0-1

[Event "Hastings Masters 2011-12"]
[Site "Hastings ENG"]
[Date "2011.12.31"]
[Round "4.22"]
[White "Griffiths,R"]
[Black "Lakshmi,Sah"]
[Result "1-0"]
[WhiteElo "2310"]
[BlackElo "2110"]

1.e4 c5 2.Nf3 d6 3.Bb5+ Bd7 4.Bxd7+ Qxd7 5.O-O Nf6 6.Qe2 Nc6 7.Rd1 e5 8.c3 Qg4
9.d3 Be7 10.h3 Qe6 11.d4 exd4 12.cxd4 Qxe4 13.Qb5 O-O-O 14.Nc3 Qf5 15.d5 Nb4
16.Qc4 g5 17.a3 Nc2 18.Ra2 Rhg8 19.b4 Kb8 20.Ne2 Nd4 21.Nfxd4 cxd4 22.Qxd4 g4
23.Be3 b6 24.Ng3 Qd7 25.h4 Ne8 26.a4 Bf6 27.Qe4 Rc8 28.a5 b5 29.Rc2 Nc7 30.Rc6 Rge8
31.Qd3 Re5 32.Ne4 Nxd5 33.Rxd6 Nxb4 34.Rxd7 Nxd3 35.Nxf6 Nb4 36.Bf4  1-0

[Event "Hastings Masters 2011-12"]
[Site "Hastings ENG"]
[Date "2012.01.01"]
[Round "5.46"]
[White "Saranya,J"]
[Black "O'Grady,G"]
[Result "1/2-1/2"]
[WhiteElo "2069"]
[BlackElo "1880"]

1.e4 c5 2.Nf3 d6 3.Bb5+ Bd7 4.Bxd7+ Nxd7 5.c3 Ngf6 6.Qe2 g6 7.d3 Bg7 8.O-O O-O
9.Ng5 e5 10.Nh3 d5 11.Nd2 b6 12.Rd1 d4 13.c4 Nh5 14.Nf1 Qc7 15.Bd2 Rae8 16.Rdb1 Nf4
17.Nxf4 exf4 18.b4 f5 19.f3 fxe4 20.dxe4 d3 21.Qxd3 Bxa1 22.Rxa1 Nf6 23.Rc1 Rd8
24.Qe2 g5 25.Bc3 Nd7 26.e5 Rfe8 27.Re1 cxb4 28.Ba1 Nc5 29.Nd2 Nd3 30.Rf1 Nxe5
31.Ne4 Qe7 32.Qb2 Ng6 33.Nf6+ Kf8 34.Nxe8 Kxe8 35.h3 Qe3+ 36.Kh1 Rd2 37.Qxb4 Qe2
38.Rg1 Kd7 39.Qb5+ Kc7 40.Qxg5 Rd1 41.Bf6 Rxg1+ 42.Kxg1 Qxc4 43.Kh2 Qxa2
44.Be5+ Nxe5 45.Qxe5+ Kd7 46.Qxf4 Qe6 47.Qa4+ Kd6 48.f4 a5 49.Qb5 Qe3 50.Qf1 b5
51.f5 Qe5+ 52.Kh1 Ke7 53.Qf2 Kf6 54.Qb6+ Kxf5 55.Qxa5 h5 56.Qb4 Qa1+ 57.Kh2 Qe5+
58.Kh1 Kg5 59.Qd2+ Kf6 60.Qd8+ Ke6 61.Qe8+ Kd6 62.Qb8+ Ke6 63.Qe8+  1/2-1/2

[Event "Hastings Masters 2011-12"]
[Site "Hastings ENG"]
[Date "2012.01.01"]
[Round "5.51"]
[White "Spanton,T"]
[Black "Taylor,Adam C"]
[Result "0-1"]
[WhiteElo "1978"]
[BlackElo "1772"]

1.e4 c5 2.Nf3 d6 3.Bb5+ Bd7 4.Bxd7+ Qxd7 5.O-O Nc6 6.Qe2 g6 7.Rd1 Bg7 8.c3 e5
9.d3 Nge7 10.Be3 f5 11.Bg5 O-O 12.Bxe7 Qxe7 13.Nbd2 f4 14.a3 h5 15.b4 g5
16.b5 Nd8 17.a4 g4 18.Ne1 Ne6 19.Nc4 Rf6 20.f3 Rg6 21.Ra2 Bf8 22.a5 Qg7 23.a6 b6
24.Na3 Be7 25.Rad2 h4 26.Kh1 Kf7 27.Nac2 Rh8 28.d4 h3 29.g3 gxf3 30.Nxf3 fxg3
31.hxg3 Rxg3 32.Ne3 Rg2 33.Qf1 Ke8 34.dxe5 Rxd2 35.Rxd2 Nf4 36.exd6 Qg2+
37.Qxg2 hxg2+ 38.Kg1 Rh1+ 39.Kf2 Bh4+  0-1

[Event "XLI Rilton Cup 2011-12"]
[Site "Stockholm SWE"]
[Date "2012.01.01"]
[Round "5"]
[White "Rozentalis,E"]
[Black "Socko,M"]
[Result "1-0"]
[WhiteElo "2586"]
[BlackElo "2479"]

1.e4 c5 2.Nf3 d6 3.Bb5+ Bd7 4.Bxd7+ Qxd7 5.c4 Nc6 6.d4 cxd4 7.Nxd4 Nf6 8.Nc3 g6
9.h3 Bg7 10.Be3 O-O 11.O-O Nxd4 12.Bxd4 Rac8 13.b3 b6 14.Re1 Rfd8 15.Qd2 e6
16.Rad1 Qb7 17.Qd3 Qe7 18.Nb5 Ne8 19.Bxg7 Kxg7 20.Qd4+ Kg8 21.Re3 Rc5 22.Red3 a6
23.Nc3 Rb8 24.Qe3 b5 25.Rxd6 Rbc8 26.Rxa6 bxc4 27.b4 R5c7 28.b5 Rc5 29.a4 Qc7
30.a5 Qb7 31.g3 h5 32.h4 R5c7 33.Qb6 Kf8 34.Qxb7 Rxb7 35.b6 Ke7 36.Nb5 e5
37.Ra7 Rb8 38.Rxb7+ Rxb7 39.Rc1 Nd6 40.Nxd6 Kxd6 41.Rxc4 Rb8 42.Kf1 f5 43.f3  1-0

[Event "Hastings Masters 2011-12"]
[Site "Hastings ENG"]
[Date "2012.01.02"]
[Round "6.54"]
[White "Rajesh,Gorak"]
[Black "Murchadha,Oissine"]
[Result "0-1"]
[WhiteElo "1401"]
[BlackElo "1846"]

1.e4 c5 2.Nf3 d6 3.Bb5+ Bd7 4.Bxd7+ Qxd7 5.O-O Nf6 6.Qe2 Nc6 7.c3 e6 8.d4 cxd4
9.cxd4 d5 10.e5 Ne4 11.Nbd2 Nxd2 12.Bxd2 Be7 13.a3 O-O 14.b4 a6 15.Rfc1 Rfc8
16.Qd3 h6 17.Qb3 b5 18.a4 bxa4 19.Qxa4 Qb7 20.h3 f6 21.Rab1 Qb5 22.Qb3 f5
23.Bc3 Rcb8 24.Rb2 Nxb4 25.Bxb4 Qxb4 26.Qxb4 Rxb4 27.Rxb4 Bxb4 28.Ne1 Bd2
29.Rb1 a5 30.Nf3 Bb4 31.Kf1 Rc8 32.Ke2 g5 33.g4 Rc2+ 34.Kf1 fxg4 35.hxg4 Rc8
36.Ke2 Rf8 37.Ke3 Rf4 38.Nh2 Bc3 39.Kd3 Bxd4  0-1

[Event "Northern California International"]
[Site "Fremont USA"]
[Date "2012.01.03"]
[Round "2"]
[White "Gaffagan,S"]
[Black "Troff,Kayden W"]
[Result "0-1"]
[WhiteElo "2071"]
[BlackElo "2257"]

1.e4 c5 2.Nf3 d6 3.Bb5+ Bd7 4.Bxd7+ Qxd7 5.c4 Nc6 6.d4 cxd4 7.Nxd4 g6 8.Nc3 Bg7
9.Be3 Nf6 10.h3 O-O 11.O-O Rfc8 12.Qd2 Nxd4 13.Qxd4 Ng4 14.Qd2 Nxe3 15.Qxe3 Rxc4
16.Rac1 Bd4 17.Qd2 Bxc3 18.Rxc3 Rxe4 19.Rfc1 Qe6 20.Rc7 Re2 21.Qd4 b6 22.Rb7 Qe5
23.Qxe5 Rxe5 24.Rcc7 Re1+ 25.Kh2 Kf8 26.Kg3 Rd8 27.Rxa7 d5 28.f3 Re2 29.f4 d4
30.Kf3 d3 31.Rd7 Rxd7 32.Rxd7 Rxb2 33.Rxd3 Rxa2 34.Rb3 Ra6 35.Ke4 Ke8 36.Rd3 Ra4+
37.Ke3 Rb4 38.g4 b5 39.h4 Rc4 40.Rd5 b4 41.h5 Rc3+ 42.Kd4 Rg3 43.hxg6 Rxg4
44.gxf7+ Kxf7 45.Ke4 Rg1 46.Rb5 Rb1 47.Rh5 b3 48.Kd3 Kg6 49.Rg5+ Kf6 50.Rh5 Rf1
51.Kc3 Rxf4 52.Kxb3 Kg6 53.Re5 Rf7 54.Kc3 h5 55.Re1 h4 56.Kd4 h3 57.Rh1 Rh7
58.Ke4 h2 59.Kf4 Rh4+ 60.Kg3 Kg5 61.Kf3 Rh3+ 62.Kf2 Kg4 63.Kg2 e5 64.Kf2 e4
65.Kg2 e3  0-1

[Event "Northern California International"]
[Site "Fremont USA"]
[Date "2012.01.03"]
[Round "3"]
[White "Collins,S IRL"]
[Black "Arnold,Mar"]
[Result "1/2-1/2"]
[WhiteElo "2426"]
[BlackElo "2482"]

1.e4 c5 2.Nf3 d6 3.Bb5+ Bd7 4.Bxd7+ Qxd7 5.O-O Nc6 6.Qe2 g6 7.c3 Bg7 8.Rd1 e5
9.Na3 Nge7 10.Nc2 O-O 11.d4 exd4 12.cxd4 cxd4 13.Ncxd4 d5 14.Nxc6 Qxc6 15.exd5 Nxd5
16.Bg5 h6 17.Rac1 Qe6 18.Qxe6 fxe6 19.Bd2 Rac8 20.b3 e5 21.Ne1 e4 22.Rxc8 Rxc8
23.Rc1 Rxc1 24.Bxc1 Nc3 25.Be3 Nxa2 26.Bxa7 Nc1 27.b4 Bd4 28.Bxd4 Ne2+ 29.Kf1 Nxd4
30.f3 exf3 31.gxf3 Kf7  1/2-1/2

[Event "Hastings Masters 2011-12"]
[Site "Hastings ENG"]
[Date "2012.01.03"]
[Round "7.47"]
[White "Green,An"]
[Black "Taylor,Adam C"]
[Result "1/2-1/2"]
[WhiteElo "2145"]
[BlackElo "1772"]

1.e4 c5 2.Nf3 d6 3.Bb5+ Bd7 4.Bxd7+ Qxd7 5.O-O Nc6 6.c3 Nf6 7.Qe2 e6 8.d4 cxd4
9.cxd4 d5 10.e5 Ne4 11.Be3 Be7 12.Ne1 h6 13.f3 Ng5 14.Nd2 f5 15.Nd3 Nf7 16.Nf4 g5
17.Ng6 Rg8 18.Nxe7 Qxe7 19.Nb3 h5 20.f4 gxf4 21.Rxf4 O-O-O 22.Rc1 Rg7 23.Na5 Rdg8
24.Rf2 Nd8 25.Qxh5 Kb8 26.Nxc6+ Nxc6 27.Rd1 Rg4 28.Qh6 R8g6 29.Qh8+ Rg8 30.Qf6 Qe8
31.h3 Rg3 32.Qh6 R8g6 33.Qf4 Rxh3 34.Rf3 Rh7 35.Rg3 Rxg3 36.Qxg3 Qh5 37.Rc1 Qh1+
38.Kf2 Qh4 39.Kf3 Nxd4+ 40.Bxd4 Qe4+ 41.Kf2 Qxd4+ 42.Qe3 Qxb2+ 43.Kf3 Rg7
44.Rc8+ Kxc8 45.Qc5+ Kd7 46.Qd6+ Ke8 47.Qxe6+ Re7 48.Qg8+ Kd7 49.Qxd5+ Kc8
50.Qc5+ Kd8 51.Qd6+ Ke8 52.Qg6+ Kd8 53.Qd6+ Ke8 54.Qg6+ Rf7 55.Qe6+ Re7 56.Qg6+  1/2-1/2

[Event "Hastings Masters 2011-12"]
[Site "Hastings ENG"]
[Date "2012.01.03"]
[Round "7.10"]
[White "Griffiths,R"]
[Black "Shyam,N"]
[Result "1/2-1/2"]
[WhiteElo "2310"]
[BlackElo "2482"]

1.e4 c5 2.Nf3 d6 3.Bb5+ Nd7 4.d4 Nf6 5.O-O cxd4 6.Qxd4 e5 7.Qd3 h6 8.c4 Be7
9.Rd1 O-O 10.Bxd7 Bxd7 11.Nc3 Rc8 12.b3 Bc6 13.a4 Nxe4 14.Nxe4 f5 15.Nfd2 fxe4
16.Nxe4 Qd7 17.f3 Rcd8 18.Ba3 Rf4 19.Nc3 Rdf8 20.Nd5 Rd4 21.Nxe7+ Qxe7 22.Qe3 Qf6
23.Rxd4 exd4 24.Qd3 Re8 25.Bb2 Qg5 26.Bxd4 a6 27.Bf2 Rf8 28.Qe3 Qg6 29.Kf1 Re8
30.Qd2 d5 31.c5 d4 32.Qxd4 Qc2 33.Qc4+ Qxc4+ 34.bxc4 Kf7 35.a5 Rd8 36.Ke2 Re8+
37.Be3 Rd8 38.Rb1 Rd7 39.Rb3 Ba4 40.Rb2 Bc6 41.Rc2 Ba4 42.Rc3 Bc6 43.Bf4 Re7+
44.Kf2 Rd7 45.Bd6 Rd8 46.Rd3 Re8 47.Rd4 Re6 48.h4 h5 49.Rf4+ Rf6 50.Rd4 Re6
51.Bf4 Re7 52.Rd6 Re6 53.Be3 Re8 54.Bd4 Re7 55.g4 hxg4 56.fxg4 Re4 57.Kg3 g6
58.g5 Re6 59.Kg4 Re4+ 60.Kg3 Re6 61.h5 gxh5 62.Kf4 Ba4 63.Be5 Bc2 64.Rd2 Ba4
65.Kf5 Rg6 66.Bf6 Rg8 67.Be5 Rg6 68.Rd6 Bc2+ 69.Kf4 Ba4 70.Rxg6  1/2-1/2

[Event "Hastings Masters 2011-12"]
[Site "Hastings ENG"]
[Date "2012.01.03"]
[Round "7.20"]
[White "Olsarova,K"]
[Black "Eggleston,D"]
[Result "1-0"]
[WhiteElo "2167"]
[BlackElo "2367"]

1.e4 c5 2.Nf3 d6 3.Bb5+ Nc6 4.Bxc6+ bxc6 5.O-O Bg4 6.d3 Nf6 7.Nbd2 e6 8.c3 Be7
9.Qa4 Qc7 10.e5 dxe5 11.Nxe5 Bf5 12.Nxc6 O-O 13.Nxe7+ Qxe7 14.Ne4 Ng4 15.f3 Ne5
16.Bf4 Nxd3 17.Bd6 Qb7 18.Bxf8 Rxf8 19.Qc4 Bxe4 20.Qxe4 Qa6 21.b3 f5 22.Qc4 Qxc4
23.bxc4 e5 24.Rad1 Nb2 25.Rd5 Re8 26.Rb1 Na4 27.Rb7 Nb6 28.Rxc5 e4 29.fxe4 fxe4
30.Rcc7 e3 31.Rxg7+ Kh8 32.Rxh7+ Kg8 33.Rhg7+ Kh8 34.Rge7 Rd8 35.Rxe3 Nxc4
36.Ree7  1-0

[Event "Hastings Masters 2011-12"]
[Site "Hastings ENG"]
[Date "2012.01.03"]
[Round "7.19"]
[White "Rendle,T"]
[Black "Surendran,N"]
[Result "1-0"]
[WhiteElo "2389"]
[BlackElo "2207"]

1.e4 c5 2.Nf3 d6 3.Bb5+ Nc6 4.Bxc6+ bxc6 5.O-O Bg4 6.h3 Bxf3 7.Qxf3 e5 8.c3 Qf6
9.Qe2 Ne7 10.f4 exf4 11.d4 Qe6 12.Bxf4 Ng6 13.Na3 cxd4 14.cxd4 Be7 15.d5 Nxf4
16.Rxf4 Qe5 17.Rf5 Qd4+ 18.Kh1 O-O 19.dxc6 Rac8 20.Rc1 Bf6 21.Nb5 Qb6 22.Qc4 Be5
23.Qd5 Qe3 24.Rcf1 Qg3 25.Rxe5 dxe5 26.Nd6 Rc7 27.Nf5 Qg5 28.Qxe5 Rfc8 29.b4 Qf6
30.Qxf6 gxf6 31.b5 Rb8 32.a4 Kf8 33.Rd1 Re8 34.Rd4 Re5 35.Rd7  1-0

[Event "Donostia KO GpA"]
[Site "San Sebastian ESP"]
[Date "2012.01.03"]
[Round "5"]
[White "Ponomariov,R"]
[Black "Volokitin,And"]
[Result "1/2-1/2"]
[WhiteElo "2723"]
[BlackElo "2695"]

1.e4 c5 2.Nf3 d6 3.Bb5+ Nd7 4.d4 cxd4 5.Qxd4 e5 6.Qd3 a6 7.Bxd7+ Bxd7 8.c4 Rc8
9.O-O b5 10.Na3 Qb6 11.Rd1 Qb7 12.Bg5 h6 13.Bh4 g5 14.Bg3 Nf6 15.Nd2 Be7
16.b3 Nh5 17.cxb5 axb5 18.Nc2 Be6 19.a4 bxa4 20.bxa4 O-O 21.Rdb1 Qa8 22.Nb4 Rc5
23.Na6 Rc6 24.Nb4 Rc5 25.Na6 Rc6 26.Nb4 Rc5 27.Na6 Rc6  1/2-1/2

[Event "XLI Rilton Cup 2011-12"]
[Site "Stockholm SWE"]
[Date "2012.01.03"]
[Round "7"]
[White "Rozentalis,E"]
[Black "Cicak,S"]
[Result "1/2-1/2"]
[WhiteElo "2586"]
[BlackElo "2566"]

1.e4 c5 2.Nf3 d6 3.Bb5+ Nd7 4.d4 cxd4 5.Qxd4 a6 6.Bxd7+ Bxd7 7.Nc3 Rc8 8.O-O e5
9.Qa7 Bc6 10.Rd1 Qc7 11.Nd5 Bxd5 12.exd5 Nf6 13.b3 Be7 14.Ba3 Nd7  1/2-1/2

[Event "4th Chennai Open"]
[Site "Chennai IND"]
[Date "2012.01.04"]
[Round "1"]
[White "Anshuman,K"]
[Black "Ashwin,J"]
[Result "0-1"]
[WhiteElo "1902"]
[BlackElo "2472"]

1.e4 c5 2.Nf3 d6 3.Bb5+ Nd7 4.c3 Nf6 5.d3 a6 6.Bxd7+ Bxd7 7.O-O e5 8.d4 Qc7
9.Re1 Be7 10.Nbd2 cxd4 11.cxd4 O-O 12.b3 exd4 13.Nxd4 Qc3 14.Nc2 Rac8 15.Nc4 Rxc4
16.bxc4 Ba4 17.Qd4 Qxc2 18.Ba3 Bc6 19.f3 Qa4 20.Bb2 h6 21.Kh1 Rc8 22.e5 dxe5
23.Rxe5 Rd8 24.Qg1 Ba3 25.Bxa3 Qxa3 26.Re2 Qd3 27.Ree1 Qxc4 28.Qf2 Rd3 29.Rad1 Rxd1
30.Rxd1 Bd5 31.a3 Qc3 32.a4 Bc6 33.Qa2 a5 34.Rb1 Nd5 35.Qf2 Qc4 36.h3 Qxa4  0-1

[Event "Northern California International"]
[Site "Fremont USA"]
[Date "2012.01.04"]
[Round "4"]
[White "Rabin,E"]
[Black "Bryant,J"]
[Result "0-1"]
[WhiteElo "2035"]
[BlackElo "2401"]

1.e4 c5 2.Nf3 d6 3.Bb5+ Nc6 4.d4 cxd4 5.Qxd4 Qa5+ 6.Nc3 Qxb5 7.Nxb5 Nxd4
8.Nfxd4 Kd8 9.Bd2 Bd7 10.O-O-O e5 11.Bb4 exd4 12.Nxd6 Bxd6 13.Bxd6 Ke8 14.Rxd4 Ne7
15.Rhd1 Bc6 16.c4 f6 17.b4 a6 18.f4 Kf7 19.g4 Rhe8 20.e5 fxe5 21.fxe5 Ng6
22.Re1 Re6 23.Rd3 Rae8 24.Rde3 Kg8 25.Kd2 Nh4 26.Rf1 Rh6 27.h3 g5 28.c5 Ng2  0-1

[Event "17th Bosnjaci Open"]
[Site "Bosnjaci CRO"]
[Date "2012.01.05"]
[Round "4.1"]
[White "Jakic,I"]
[Black "Jovanovic,Zo CRO"]
[Result "1/2-1/2"]
[WhiteElo "2406"]
[BlackElo "2556"]

1.e4 c5 2.Nf3 d6 3.Bb5+ Bd7 4.Bxd7+ Qxd7 5.O-O Nc6 6.Re1 Nf6 7.c3 e6 8.d4 cxd4
9.cxd4 d5 10.e5 Ne4 11.Nbd2 Nxd2 12.Bxd2  1/2-1/2

[Event "Hastings Masters 2011-12"]
[Site "Hastings ENG"]
[Date "2012.01.05"]
[Round "9.49"]
[White "Rajesh,Gorak"]
[Black "Flynn,D"]
[Result "1-0"]
[WhiteElo "1401"]
[BlackElo "1978"]

1.e4 c5 2.Nf3 d6 3.Bb5+ Bd7 4.Bxd7+ Qxd7 5.c4 Nc6 6.b3 Nf6 7.Nc3 e6 8.d4 cxd4
9.Nxd4 Be7 10.O-O O-O 11.Nxc6 Qxc6 12.Qe2 Rad8 13.Ba3 Rfe8 14.Rad1 Kf8 15.Rfe1 a6
16.Rd3 Qc7 17.Kh1 d5 18.Bxe7+ Qxe7 19.cxd5 exd5 20.e5 Ng8 21.Nxd5 Qc5 22.Nf4 Rd4
23.Qe3 Red8 24.Red1 Qc2 25.Ne6+ fxe6 26.Qf3+ Ke7 27.Rxd4 Rxd4 28.Rxd4 Qc7
29.Qe2 Qc3 30.Qd1  1-0

[Event "XLI Rilton Cup 2011-12"]
[Site "Stockholm SWE"]
[Date "2012.01.05"]
[Round "9"]
[White "Kassani,Sam"]
[Black "Olofsson-Dolk,Mattis"]
[Result "1/2-1/2"]
[WhiteElo "1998"]
[BlackElo "1988"]

1.e4 c5 2.Nf3 d6 3.Bb5+ Nd7 4.d4 cxd4 5.Qxd4 a6 6.Bxd7+ Bxd7 7.Nc3 Rc8 8.O-O e5
9.Qd3 h6 10.Be3 Be6 11.Nd5 Nf6 12.c4 Be7 13.Rfd1 Bxd5 14.cxd5 O-O 15.h3 Qd7
16.Nd2  1/2-1/2

[Event "Northern California International"]
[Site "Fremont USA"]
[Date "2012.01.06"]
[Round "7"]
[White "Shivaji,S1"]
[Black "Hunt,A"]
[Result "0-1"]
[WhiteElo "2295"]
[BlackElo "2462"]

1.e4 c5 2.Nf3 d6 3.Bb5+ Nd7 4.O-O a6 5.Bxd7+ Bxd7 6.d4 cxd4 7.Qxd4 e5 8.Qd3 Be7
9.c4 h6 10.Nc3 Nf6 11.Rd1 Rc8 12.b3 O-O 13.a4 Be6 14.a5 Nd7 15.Nd5 Nc5 16.Qe3 f5
17.exf5 Bxf5 18.Ba3 Bg4 19.Nb6 Bxf3 20.gxf3 Bg5 21.Qc3 Rc6 22.Bxc5 Rxc5 23.b4 Rc6
24.Kh1 Rf4 25.Qd3 Qe8 26.Rg1 Qf7 27.Ra3 Rd4 28.Qf1 Qf5 29.Qg2 Rc7 30.Nd5 Rf7
31.Ne3 Qxf3 32.Qxf3 Rxf3 33.Kg2 Rf7 34.Rc3 Bxe3 35.fxe3 Rd2+ 36.Kg3 e4 37.h3 Rf3+
38.Kg4 g5 39.c5 Kg7 40.h4 Rh2  0-1